000
00344nam a2200157Ia 4500
100
_a
Apte/Shaila Dinkar
650
_a
Signals and systems
942
_c
BK
366
_f
25
245
_a
Signals and systems
260
_b
Cambridge University Press
_c
2016
082
_b
APT
300
_a
771
546
_a
ENGLISH
_c
PAMPHALETS
999
_c
23020
_d
23020